|
|
|
|
| LEADER |
00000nas a2200000 a 4500 |
| 001 |
ssj0012479 |
| 003 |
WaSeSS |
| 005 |
20200512172242.0 |
| 006 |
m d |
| 007 |
cr n |
| 008 |
940922c19959999caubr p s 0 a0eng c |
| 010 |
|
|
|a 96641274
|z sn 94001371
|
| 016 |
7 |
|
|a 9502013
|2 DNLM
|
| 016 |
7 |
|
|a SR0082436
|z SR0083050
|2 DNLM
|
| 016 |
7 |
|
|a 009828316
|2 Uk
|
| 019 |
|
|
|a 826863739
|a 1052679459
|a 1063544466
|
| 022 |
|
|
|l 1078-6791
|y 1078-6791
|
| 030 |
|
|
|a ATHMF7
|
| 035 |
|
|
|a (WaSeSS)ssj0012479
|
| 037 |
|
|
|b InnoVision Communications, 101 Columbia, Aliso Viejo, CA 92656
|c $120.00 (institutions)
|c $48.00 (individual)
|
| 040 |
|
|
|a NSD
|b eng
|c NSD
|d OCL
|d NSD
|d NLM
|d DLC
|d NLM
|d GUA
|d NSD
|d DLC
|d EYM
|d CAS
|d SYS
|d OCLCQ
|d UKMGB
|d OCLCF
|d OCLCO
|d OCLCQ
|d OCLCO
|d GILDS
|d OCLCO
|d CUS
|d OCLCA
|d WaSeSS
|
| 042 |
|
|
|a nsdp
|a pcc
|
| 050 |
0 |
0 |
|a R733
|b .A524
|
| 060 |
0 |
0 |
|a W1
|b AL987G
|
| 082 |
0 |
0 |
|a 615.5/05
|2 20
|
| 210 |
0 |
|
|a Altern. ther. health med.
|
| 222 |
|
0 |
|a Alternative therapies in health and medicine
|
| 245 |
0 |
0 |
|a Alternative therapies in health and medicine
|h [electronic resource].
|
| 246 |
3 |
0 |
|a Alternative therapies
|
| 260 |
|
|
|a Aliso Viejo, CA :
|b InnoVision Communications,
|c ©1995-
|
| 310 |
|
|
|a Bimonthly
|
| 362 |
0 |
|
|a Vol. 1, no. 1 (Mar. 1995)-
|
| 500 |
|
|
|a Title from cover.
|
| 506 |
|
|
|a License restrictions may limit access.
|
| 515 |
|
|
|a Preceded by a preview issue in 1994.
|
| 588 |
|
|
|a Latest issue consulted: Vol. 1, no. 4 (Sept. 1995).
|
| 650 |
|
0 |
|a Alternative medicine
|v Periodicals.
|
| 650 |
|
2 |
|a Complementary Therapies.
|
| 650 |
|
7 |
|a Alternative medicine.
|2 fast
|0 (OCoLC)fst00806153
|
| 655 |
|
0 |
|a Electronic journals.
|
| 850 |
|
|
|a DLC
|a DNLM
|a GU
|a MiU
|
| 856 |
4 |
0 |
|z Full text available from Research Library: 11/01/1998 to present
|u https://search.proquest.com/publication/32528
|